LIBRARY ONLINE CATALOGUE

Uganda to Khartoum / (Record no. 13313)

MARC details
000 -LEADER
fixed length control field 00618nam a22002052 4500
001 - CONTROL NUMBER
control field 0000009852
005 - DATE AND TIME OF LATEST TRANSACTION
control field 20151217155844.0
008 - FIXED-LENGTH DATA ELEMENTS--GENERAL INFORMATION
fixed length control field 081204s xx 000 0 eng d
040 ## - CATALOGING SOURCE
Original cataloging agency KABU
Transcribing agency KABU
100 1# - MAIN ENTRY--PERSONAL NAME
Personal name LLoyd, Albert B.
-- 0000161332
245 10 - TITLE STATEMENT
Title Uganda to Khartoum /
Statement of responsibility, etc. Albert B. Lloyd.
250 ## - EDITION STATEMENT
Edition statement 1st ed.
260 ## - PUBLICATION, DISTRIBUTION, ETC. (IMPRINT)
Place of publication, distribution, etc. London :
Name of publisher, distributor, etc. Collins,
Date of publication, distribution, etc. [n. d.]
300 ## - PHYSICAL DESCRIPTION
Extent 350 p.
651 #0 - SUBJECT ADDED ENTRY--GEOGRAPHIC NAME
Geographic name Uganda
General subdivision Description and travel.
-- 0000161347
651 #0 - SUBJECT ADDED ENTRY--GEOGRAPHIC NAME
Geographic name Africa, East
General subdivision Description and travel.
-- 0000148698
852 1# - LOCATION
-- p100 KES
908 ## - PUT COMMAND PARAMETER (RLIN)
Put command parameter 081204
950 ## - LOCAL HOLDINGS (RLIN)
-- 1
Holdings
Withdrawn status Lost status Source of classification or shelving scheme Not for loan Home library Current library Date acquired Total Checkouts Full call number Barcode Date last seen Price effective from Koha item type
    Library of Congress Classification   Kabarak, Main Campus Kabarak, Main Campus 17/12/2015   DT434 .U3L56 c. 1 15711 17/12/2015 17/12/2015 Africana Collection